| 000 | 00980cam a2200205 4500 | ||
|---|---|---|---|
| 001 | ##L131748 | ||
| 008 | 051205n2005 000 0 eng u | ||
| 035 | _a(Sirsi) u131748 | ||
| 041 | 0 | _aeng | |
| 100 | 1 | _aEccles, T. | |
| 245 | 0 | 0 |
_aFinancial statements and corporate accounts _bthe conceptual framework |
| 260 | _c2005 | ||
| 490 | 0 |
_aProperty Management _v23(5) 2005, 374-387(14) |
|
| 520 | _aDiscusses the process by which standards are created and the opportunities for the involvement of property professionals, owners and users within the standard-setting regime. Examines the shift towards International Accounting Standards and establishes a framework to assist the surveying profession and wider property owners to be involved in the creation of accounting standards. | ||
| 590 | _aIKA061205 | ||
| 650 | 2 | 4 | _aINTERNATIONAL ACCOUNTING STANDARDS |
| 690 | _aMANAGEMENT-BUSINESS MANAGEMENT-FINANCIAL MANAGEMENT-ACCOUNTING | ||
| 700 | 1 | _aHolt, Andrew | |
| 942 | _n0 | ||
| 999 |
_c104822 _d104822 |
||